00237 a2200085 4500020001500000040001300015082001400028245008700042260002200129 a3527298290 aDLCbDLC a808.0665404aThe art of scientific writing: from student reports to professionalcEbel, Hans F. bJohn Wileyc2001.